<?xml version="1.0" encoding="UTF-8"?>
<record
    xmlns:xsi="http://www.w3.org/2001/XMLSchema-instance"
    xsi:schemaLocation="http://www.loc.gov/MARC21/slim http://www.loc.gov/standards/marcxml/schema/MARC21slim.xsd"
    xmlns="http://www.loc.gov/MARC21/slim">

  <leader>00712caa a22001932a 4500</leader>
  <controlfield tag="001">  011107</controlfield>
  <controlfield tag="003">  AR-FADEU</controlfield>
  <controlfield tag="008">  311216n########xxu####################dd</controlfield>
  <datafield tag="092" ind1=" " ind2=" ">
    <subfield code="a">808.831</subfield>
    <subfield code="b">O58</subfield>
  </datafield>
  <datafield tag="100" ind1=" " ind2=" ">
    <subfield code="a">Montague, John</subfield>
  </datafield>
  <datafield tag="245" ind1=" " ind2=" ">
    <subfield code="a">The cry</subfield>
  </datafield>
  <datafield tag="300" ind1=" " ind2=" ">
    <subfield code="a">PP. 41-54</subfield>
  </datafield>
  <datafield tag="500" ind1=" " ind2=" ">
    <subfield code="a">En: One true friend and other irish short stories / ed. Roland John. Harlow : Longman, 1977</subfield>
  </datafield>
  <datafield tag="650" ind1=" " ind2=" ">
    <subfield code="a">/REVISADO/</subfield>
  </datafield>
  <datafield tag="546" ind1=" " ind2=" ">
    <subfield code="a">Ingl&#xE9;s</subfield>
  </datafield>
  <datafield tag="942" ind1=" " ind2=" ">
    <subfield code="c">BDGR</subfield>
  </datafield>
  <datafield tag="999" ind1=" " ind2=" ">
    <subfield code="c">16887</subfield>
    <subfield code="d">16887</subfield>
  </datafield>
  <datafield tag="773" ind1="0" ind2=" ">
    <subfield code="0">16881</subfield>
    <subfield code="9">17085</subfield>
    <subfield code="a"></subfield>
    <subfield code="b"></subfield>
    <subfield code="d">Harlow</subfield>
    <subfield code="o">01010</subfield>
    <subfield code="t">ONE true friend and other irish short stories</subfield>
    <subfield code="w">(  AR-FADEU)  011101</subfield>
    <subfield code="x"></subfield>
    <subfield code="z">0-582-53685-5</subfield>
  </datafield>
  <datafield tag="773" ind1="0" ind2=" ">
    <subfield code="0">16881</subfield>
    <subfield code="9">17086</subfield>
    <subfield code="a"></subfield>
    <subfield code="b"></subfield>
    <subfield code="d">Harlow</subfield>
    <subfield code="o">01011</subfield>
    <subfield code="t">ONE true friend and other irish short stories</subfield>
    <subfield code="w">(  AR-FADEU)  011101</subfield>
    <subfield code="x"></subfield>
    <subfield code="z">0-582-53685-5</subfield>
  </datafield>
</record>
